| 000 | 01215cam a22003134a 4500 | ||
|---|---|---|---|
| 005 | 20260322212056.0 | ||
| 008 | data | ||
| 010 | _a 2005002058 | ||
| 020 | _a1592286321 (pbk.) | ||
| 020 | _a9781592286324 (pbk.) | ||
| 040 |
_aDLC _cDLC _dDLC _dBAKER _dDLC |
||
| 042 | _apcc | ||
| 050 | 0 | 0 |
_aGV1131 _b.S844 2006 |
| 082 | 0 | 0 |
_aB _aB _222 |
| 092 | _a796.83 S844 2006 | ||
| 100 | 1 | _aSugar, Bert Randolph. | |
| 245 | 1 | 0 |
_aBoxing's greatest fighters / _cBert Randolph Sugar. |
| 260 |
_aGuilford, Conn. : _bLyons Press, _cc2006. |
||
| 300 |
_aix, 357 p. : _bill. ; _c24 cm. |
||
| 500 | _aIncludes index. | ||
| 650 | 0 |
_aBoxers (Sports) _vBiography. |
|
| 650 | 0 |
_aBoxing _xHistory. |
|
| 856 | 4 | 2 |
_3Contributor biographical information _uhttp://www.loc.gov/catdir/enhancements/fy0659/2005002058-b.html |
| 856 | 4 | 2 |
_3Publisher description _uhttp://www.loc.gov/catdir/enhancements/fy0621/2005002058-d.html |
| 906 |
_a7 _bcbc _corignew _d1 _eecip _f20 _gy-gencatlg |
||
| 925 | 0 |
_aacquire _b2 shelf copies _xpolicy default |
|
| 955 |
_esj05 2005-01-28 to Dewey; _fpv17 2006-06-01 Z-CipVer |
||
| 001 | data | ||
| 999 |
_c1327 _d1327 |
||